| 000 | 00600nam a2200193 4500 | ||
|---|---|---|---|
| 001 | 145448 | ||
| 003 | ES-MaACL | ||
| 005 | 20230906201232.0 | ||
| 007 | t| | ||
| 008 | 070214s1960 sp r ||||1| spa d | ||
| 100 | 1 |
_aStern, Benjamin. _9108122 |
|
| 245 | 1 | 0 |
_aEichmann _b: su vida, sus víctimas / _c[por Benjamin Stern y Pelagia Lewinska]. |
| 250 | _a2ª ed. | ||
| 260 |
_aBarcelona : _bFomento Internacional de Cultura, _c[1960] ( _fSaturno) |
||
| 300 |
_a286 p., 5 lám. ; _c13 cm. |
||
| 600 | 1 | 4 |
_aEichmann, Adolf. _946812 |
| 700 | 1 |
_aLewinska, Pelagia. _972035 |
|
| 852 |
_aES-MaACL _jC-19724 |
||
| 999 |
_c145448 _d145448 |
||